Sens (inter)dits 2. Verbes et architectures syntaxico-discursives

Bibliographic Details
Other Authors: Lacassain-Lagoin, Christelle (Editor), Marsac, Fabrice, 1974- (Editor), Ucherek, Witold (Editor), Chovancová, Katarína, 1977- (Editor), Zázrivcová, Monika, 1974- (Editor), Vaxelaire, Béatrice (Author of introduction, etc.), Sock, Rudolph (Author of introduction, etc.)
Format: Book
Language:French
English
PhysicalDescription:118 strán tabuľky 24 cm
Published: Paris L'Harmattan [2021]
ISBN:9782343227306
Series:Dixit grammatica
Subjects:

MARC

LEADER 00000cam a2200000 4500
001 vtls012195402
003 SK-MaSNL
005 20260302062853.0
008 230208s2021 fr a frn 000 0 fre
015 |a SNBZSA2025/10 
020 |a 9782343227306  |q (brožované) 
040 |a SNK  |b slo  |c SNK  |e rda 
041 0 |a fre  |a eng 
044 |a fr  |c FR 
072 7 |a 81  |x Lingvistika. Jazyky  |2 konspekt 
080 |a 81'367.625  |2 2011 
080 |a 81`367  |2 2011 
080 |a (048.8)  |2 2011 
080 |a (082)  |2 2011 
080 |a 81-115  |2 2011 
245 0 0 |a Sens (inter)dits  |n 2.  |p Verbes et architectures syntaxico-discursives  |c Christelle Lacassin-Lagoin, Fabrice Marsac, Witold Ucherek, Katarina Chovancová & Monika Zázrivcová (dir.) ; préface de Béatrice Vaxelaire et Rudolph Sock 
246 3 0 |a Verbes et architectures syntaxico-discursives 
264 1 |a Paris  |b L'Harmattan  |c [2021] 
264 4 |c ©2021 
300 |a 118 strán  |b tabuľky  |c 24 cm 
336 |a text  |b txt  |2 rdacontent 
337 |a bez média  |b n  |2 rdamedia 
338 |a zväzok  |b nc  |2 rdacarrier 
490 1 |a Dixit grammatica  |v 6.2 
504 |a Bibliografia za jednotlivými príspevkami 
546 |a Text väčšinou vo francúzštine, časť textu v angličtine 
650 0 7 |a slovesá  |2 SNKPH  |9 1325 
650 0 7 |a Verbs  |2 SNKPHeng  |9 327015 
650 0 7 |a syntax  |2 SNKPHeng  |9 1352 
650 0 7 |a syntax  |2 SNKPH  |9 1352 
650 0 7 |a komparatívna lingvistika  |2 SNKPH  |9 3799 
650 0 7 |a Comparative linguistics  |2 SNKPHeng  |9 266090 
655 7 |a štúdie  |2 SNKPH  |9 57033 
655 7 |a zborníky  |2 SNKPH  |9 70165 
655 7 |a Studies  |2 SNKPHeng  |9 265573 
655 7 |a Papers of several authors  |2 SNKPHeng  |9 153738 
700 1 |a Lacassain-Lagoin, Christelle  |4 edt  |9 511063 
700 1 |a Marsac, Fabrice,  |d 1974-  |4 edt  |9 218719 
700 1 |a Ucherek, Witold  |4 edt  |9 511064 
700 1 |a Chovancová, Katarína,  |d 1977-  |4 edt  |9 253867 
700 1 |a Zázrivcová, Monika,  |d 1974-  |4 edt  |9 200272 
700 1 |a Vaxelaire, Béatrice  |4 aui  |9 511065 
700 1 |a Sock, Rudolph  |4 aui  |9 511066 
830 0 |a Dixit grammatica  |9 404233 
919 |a 978-2-343-22730-6 
954 |a odborná, vedecká literatúra pôvodná (slovenská)  |2 lita 
954 |a odborná, vedecká literatúra cudzojazyčná (svetová)  |2 lita 
958 |a ZS 
958 |a NB 
958 |a FR 
999 |c 1130786  |d 1132716 
952 |a SNK  |b SNK  |y PREZ  |7 0  |p 17A1551068  |o snkSC 207544  |i snk2024/12047  |8 4  |g 17.08  |0 0  |1 0  |4 0  |d 2023-02-08  |l 0  |r 2025-10-31 00:00:00  |w 2026-02-24